000 00492nam a2200181Ia 4500
008 210719s1997 xx 000 0 und d
020 _a0706995422
041 _aeng
082 _a658.8 NEEM
100 _aNEELAMEGHAM (S)
245 _aMarketing in India: cases and readings. Ed 17.
250 _a17
260 _aNew Delhi.
_bVikas Publishing House Pvt Ltd.,
_c1997
300 _axii,940
_bPB
365 _b275
_cRs
650 _aMarketing Management
906 _aMarketing India Cases
999 _c213321
_d213321